| Tag |
First Indicator |
Second Indicator |
Subfields |
| LEADER |
00000cam a2200000 a 4500 |
| 001 |
in00001319607 |
| 005 |
20151005085515.0 |
| 008 |
930624s1993 mdua b 100 0 eng d |
| 010 |
|
|
|a 94229707
|
| 020 |
|
|
|a 0938522450 (pbk.)
|
| 035 |
|
|
|a (OCoLC)28324528
|
| 035 |
|
|
|9 AHE0194AM
|
| 040 |
|
|
|a CSfA
|c DLC
|d TXA
|d UtOrBLW
|
| 042 |
|
|
|a lccopycat
|
| 049 |
|
|
|a TXAM
|
| 050 |
0 |
0 |
|a QL494
|b .F85 1993
|
| 070 |
0 |
|
|a QL494.F86
|b 1993
|
| 072 |
|
0 |
|a L400 L001
|
| 082 |
0 |
0 |
|a 595.7/043
|2 20
|
| 245 |
0 |
0 |
|a Functional morphology of insect feeding /
|c Carl W. Schaefer, Richard A.B. Leschen, editors.
|
| 264 |
|
1 |
|a Lanham, Md. :
|b Entomological Society of America,
|c 1993.
|
| 300 |
|
|
|a ii, 162 pages :
|b illustrations ;
|c 23 cm.
|
| 336 |
|
|
|a text
|b txt
|2 rdacontent
|
| 337 |
|
|
|a unmediated
|b n
|2 rdamedia
|
| 338 |
|
|
|a volume
|b nc
|2 rdacarrier
|
| 490 |
1 |
|
|a Thomas Say publications in entomology. Proceedings
|
| 500 |
|
|
|a "Developed from a symposium held during the 1989 Annual Meeting of the Entomological Society of America, San Antonio, Texas."
|
| 505 |
0 |
|
|a Structure, function, ontogeny, and evolution of feeding in thrips (Thysanoptera) / Bruce S. Heming -- Mouthpart morphology and feeding behavior of biting midge larvae (Diptera:Ceratopogonidae) / Lawrence J. Hribar -- Evolutionary patterns of feeding in selected Staphylinoidea (Coleoptera) : shifts among food textures / Richard A.B. Leschen -- Mouthpart modifications correlated with fungivory among aleocharine staphylinids (Coleoptera:Staphylinidae:Aleocharinae) / James S. Ashe -- Functional morphology of the larval mouthparts of Notodontidae (Lepidoptera) : contrasting the structural differences and feeding behaviors of Heterocampa obliqua and Crinodes besckei / George L. Godfrey -- Mechanics of fluid feeding in insects / Joel G. Kingsolver and Thomas L. Daniel.
|
| 504 |
|
|
|a Includes bibliographical references.
|
| 650 |
|
0 |
|a Insects
|x Morphology
|x Congresses.
|
| 650 |
|
0 |
|a Insects
|x Feeding and feeds
|x Congresses.
|
| 650 |
|
0 |
|a Mouth
|x Congresses.
|
| 700 |
1 |
|
|a Schaefer, Carl W.
|q (Carl Walter)
|
| 700 |
1 |
|
|a Leschen, Richard A. B.
|
| 710 |
2 |
|
|a Entomological Society of America.
|b National Conference
|d (1989 :
|c San Antonio, Tex.)
|
| 830 |
|
0 |
|a Thomas Say publications in entomology.
|p Proceedings.
|
| 999 |
|
|
|a MARS
|
| 999 |
f |
f |
|s 31c755a3-93b3-39c9-a8c8-54d51f207c85
|i 1fe042af-7e47-3774-a808-3e7bb2a40f07
|t 0
|
| 952 |
f |
f |
|p normal
|a Texas A&M University
|b College Station
|c Sterling C. Evans Library
|d Evans: Library Stacks
|t 0
|e QL494 .F85 1993
|h Library of Congress classification
|i unmediated -- volume
|m A14820807089
|
| 998 |
f |
f |
|a QL494 .F85 1993
|t 0
|l Evans: Library Stacks
|